Alternative respiration may have a role in reducing oxidative stress in plants (Record no. 50764)

MARC details
000 -LEADER
fixed length control field 00785nam a2200205Ia 4500
100 ## - MAIN ENTRY--AUTHOR NAME
Personal name Annamalainathan K
245 #0 - TITLE STATEMENT
Title Alternative respiration may have a role in reducing oxidative stress in plants
260 ## - PUBLICATION, DISTRIBUTION, ETC. (IMPRINT)
Name of publisher National Conference on Role of Plant Physiology and Biotechnology in Biodiversity Conservation and Agricultural Productivity and Annual Meeting of Society for PLant Physiology and Biochemistry, 24-26 February 2006, University of Rajasthan, Jaipur, pp. 14.
650 ## - SUBJECT ADDED ENTRY--TOPICAL TERM
Topical Term Alternative respiration
650 ## - SUBJECT ADDED ENTRY--TOPICAL TERM
Topical Term Antisense plants
650 ## - SUBJECT ADDED ENTRY--TOPICAL TERM
Topical Term Oxidative stress
650 ## - SUBJECT ADDED ENTRY--TOPICAL TERM
Topical Term Paraquat
650 ## - SUBJECT ADDED ENTRY--TOPICAL TERM
Topical Term PS II
700 ## - ADDED ENTRY--PERSONAL NAME
Personal name Day D A
700 ## - ADDED ENTRY--PERSONAL NAME
Personal name Finnegan P M
700 ## - ADDED ENTRY--PERSONAL NAME
Personal name Jacob J
700 ## - ADDED ENTRY--PERSONAL NAME
Personal name Taylor N L
942 ## - ADDED ENTRY ELEMENTS (KOHA)
Koha item type Bibliography STAF
Holdings
Withdrawn status Lost status Damaged status Not for loan Home library Current library Shelving location Date acquired Koha item type
      Bibliography RRII Library RRII Library Plant physiology 09/04/2014 Bibliography STAF